[Event "Istanbul Open 2018"]
[Site "Istanbul"]
[Date "2018.09.06"]
[Round "7"]
[White "Ersoy, Emre"]
[Black "Yilmaz, Aras"]
[Result "1-0"]
[WhiteElo "1557"]
[BlackElo "1632"]
[Annotator "NA RC"]
[PlyCount "115"]
[EventDate "2018.09.02"]
[EventType "swiss"]
[EventCountry "TUR"]
[SourceTitle "playchess.com"]
[Source "ChessBase"]
[SourceQuality "1"]
[TimeControl "5400+30"]

1. e4 {[%emt 0:00:30]} e5 {[%emt 0:00:30]} 2. Nf3 {[%emt 0:00:00]} Nc6 {[%emt 0:00:00]} 3. Bb5 {[%emt 0:00:00]} a6 {[%emt 0:00:00]} 4. Ba4 {[%emt 0:00:00]} Nf6 {[%emt 0:00:00]} 5. O-O {[%emt 0:00:00]} d6 {[%emt 0:00:00]} 6. Re1 {[%emt 0:00:30]} Bg4 {[%emt 0:05:30]} 7. c3 {[%emt 0:01:30]} Be7 {[%emt 0:00:00]} 8. d3 {[%emt 0:00:30]} O-O {[%emt 0:01:00]} 9. Nbd2 {[%emt 0:00:30]} b5 {[%emt 0:01:30]} 10. Bb3 {[%emt 0:00:30]} Na5 {[%emt 0:00:30]} 11. Bc2 {[%emt 0:00:00]} c5 {[%emt 0:00:30]} 12. Nf1 {[%emt 0:00:00]} Nc6 {[%emt 0:05:30]} 13. Ne3 {[%emt 0:01:30]} Bd7 {[%emt 0:12:30]} 14. h3 {[%emt 0:05:30]} Ne8 {[%emt 0:06:30]} 15. Nd5 {[%emt 0:08:30]} f5 {[%emt 0:01:30]} 16. d4 {[%emt 0:07:30]} f4 {[%emt 0:08:30]} 17. dxc5 {[%emt 0:30:30]} dxc5 {[%emt 0:01:30]} 18. a4 {[%emt 0:03:30]} b4 {[%emt 0:14:30]} 19. Nb6 {[%emt 0:22:15]} Qxb6 {[%emt 0:19:30]} 20. Qxd7 {[%emt 0:00:40]} Qc7 {[%emt 0:06:12]} 21. Bb3+ {[%emt 0:07:22]} Kh8 {[%emt 0:00:16]} 22. Qxc7 {[%emt 0:00:28]} Nxc7 {[%emt 0:00:01]} 23. Bd5 {[%emt 0:00:09]} Nxd5 {[%emt 0:06:13]} 24. exd5 {[%emt 0:00:05]} Na5 {[%emt 0:00:11]} 25. Nxe5 {[%emt 0:07:23]} Rad8 {[%emt 0:01:53]} 26. Nc6 {[%emt 0:02:14]} Nxc6 {[%emt 0:00:07]} 27. dxc6 {[%emt 0:01:02]} Bf6 {[%emt 0:02:57]} 28. cxb4 {[%emt 0:00:30]} cxb4 {[%emt 0:00:30]} 29. Bxf4 {[%emt 0:00:35]} Bxb2 {[%emt 0:00:41]} 30. Rab1 {[%emt 0:00:27]} Bc3 {[%emt 0:00:01]} 31. c7 {[%emt 0:00:43]} Rd4 {[%emt 0:02:50]} 32. Be5 {[%emt 0:00:30]} Rc4 {[%emt 0:02:31]} 33. Bxc3 {[%emt 0:00:09]} Rxc3 {[%emt 0:01:12]} 34. Rec1 {[%emt 0:00:33]} Rxc1+ {[%emt 0:00:36]} 35. Rxc1 {[%emt 0:00:06]} Rc8 {[%emt 0:00:02]} 36. Kf1 {[%emt 0:01:02]} Kg8 {[%emt 0:00:17]} 37. Ke2 {[%emt 0:00:23]} Kf7 {[%emt 0:01:26]} 38. Kd3 {[%emt 0:00:36]} a5 {[%emt 0:00:37]} 39. Rc5 {[%emt 0:00:34]} Ke6 {[%emt 0:00:42]} 40. Rxa5 {[%emt 0:00:30]} Rxc7 {[%emt 0:00:30]} 41. Rb5 {[%emt 0:00:07]} Rc3+ {[%emt 0:00:33]} 42. Kd2 {[%emt 0:00:43]} Rb3 {[%emt 0:00:02]} 43. Kc2 {[%emt 0:00:45]} Ra3 {[%emt 0:00:46]} 44. Rxb4 {[%emt 0:00:21]} Ra2+ {[%emt 0:00:01]} 45. Kb3 {[%emt 0:00:28]} Rxf2 {[%emt 0:00:03]} 46. a5 {[%emt 0:00:15]} Rxg2 {[%emt 0:01:15]} 47. a6 {[%emt 0:00:18]} Rg3+ {[%emt 0:00:08]} 48. Kc4 {[%emt 0:00:35]} Rxh3 {[%emt 0:00:56]} 49. Ra4 {[%emt 0:00:13]} Rf3 {[%emt 0:00:26]} 50. a7 {[%emt 0:00:34]} Rf8 {[%emt 0:00:04]} 51. a8=Q {[%emt 0:00:14]} Rxa8 {[%emt 0:00:01]} 52. Rxa8 {[%emt 0:00:18]} h5 {[%emt 0:01:37]} 53. Ra5 {[%emt 0:00:41]} g6 {[%emt 0:00:01]} 54. Kd4 {[%emt 0:00:00]} h4 {[%emt 0:00:53]} 55. Ke4 {[%emt 0:00:00]} Kf6 {[%emt 0:00:36]} 56. Kf4 {[%emt 0:00:11]} Kg7 {[%emt 0:00:45]} 57. Kg5 {[%emt 0:00:23]} h3 {[%emt 0:00:06]} 58. Ra3 {[%emt 0:00:15]} 1-0

[Event "Istanbul Open 2018"]
[Site "Istanbul"]
[Date "2018.09.06"]
[Round "7"]
[White "Temizer, Umut"]
[Black "Topsir, Furkan"]
[Result "0-1"]
[WhiteElo "1476"]
[BlackElo "1550"]
[Annotator "NA RC"]
[PlyCount "58"]
[EventDate "2018.09.02"]
[EventType "swiss"]
[EventCountry "TUR"]
[SourceTitle "playchess.com"]
[Source "ChessBase"]
[SourceQuality "1"]
[TimeControl "5400+30"]

1. e4 {[%emt 0:00:30]} g6 {[%emt 0:00:30]} 2. d4 {[%emt 0:00:00]} Bg7 {[%emt 0:00:30]} 3. Nf3 {[%emt 0:00:00]} d6 {[%emt 0:00:30]} 4. Bc4 {[%emt 0:01:30]} e6 {[%emt 0:00:00]} 5. Nc3 {[%emt 0:00:30]} a6 {[%emt 0:00:00]} 6. a4 {[%emt 0:00:30]} b6 {[%emt 0:00:30]} 7. O-O {[%emt 0:00:00]} Ne7 {[%emt 0:00:30]} 8. Bb3 {[%emt 0:02:00]} Nd7 {[%emt 0:01:30]} 9. Bg5 {[%emt 0:03:30]} h6 {[%emt 0:00:30]} 10. Be3 {[%emt 0:08:30]} O-O {[%emt 0:02:30]} 11. Qd2 {[%emt 0:01:30]} Kh7 {[%emt 0:01:30]} 12. h4 {[%emt 0:03:30]} Nf6 {[%emt 0:00:30]} 13. Rad1 {[%emt 0:08:30]} Bb7 {[%emt 0:07:30]} 14. Qd3 {[%emt 0:12:30]} c5 {[%emt 0:25:30]} 15. dxc5 {[%emt 0:14:30]} dxc5 {[%emt 0:01:30]} 16. a5 {[%emt 0:00:30]} Qc7 {[%emt 0:40:01]} 17. axb6 {[%emt 0:03:30]} Qxb6 {[%emt 0:01:45]} 18. Na4 {[%emt 0:00:30]} Qc7 {[%emt 0:03:21]} 19. Nxc5 {[%emt 0:05:30]} Rfd8 {[%emt 0:02:37]} 20. Qc4 {[%emt 0:10:30]} Rxd1 {[%emt 0:03:07]} 21. Rxd1 {[%emt 0:00:30]} Rc8 {[%emt 0:00:00]} 22. Qb4 {[%emt 0:03:38]} Rb8 {[%emt 0:00:55]} 23. Nd7 {[%emt 0:07:26]} Nc6 {[%emt 0:04:25]} 24. Qd6 {[%emt 0:05:00]} Qxd7 {[%emt 0:00:48]} 25. Qxd7 {[%emt 0:00:44]} Nxd7 {[%emt 0:00:30]} 26. Rxd7 {[%emt 0:00:33]} Kg8 {[%emt 0:00:30]} 27. Bf4 {[%emt 0:00:30]} e5 {[%emt 0:00:30]} 28. Be3 {[%emt 0:01:16]} Bc8 {[%emt 0:01:17]} 29. Bd5 {[%emt 0:01:38]} Bxd7 {[%emt 0:00:23]} 0-1

[Event "Istanbul Open 2018"]
[Site "Istanbul"]
[Date "2018.09.07"]
[Round "8"]
[White "Aliakbarov, Anar"]
[Black "Guven, Oguz Kagan"]
[Result "0-1"]
[WhiteElo "2322"]
[BlackElo "2022"]
[Annotator "NA"]
[PlyCount "76"]
[EventDate "2018.09.02"]
[EventType "swiss"]
[EventCountry "TUR"]
[SourceTitle "playchess.com"]
[Source "ChessBase"]
[SourceQuality "1"]
[TimeControl "5400+30"]

1. d4 {[%emt 0:00:30]} Nf6 {[%emt 0:01:30]} 2. c4 {[%emt 0:00:00]} c5 {[%emt 0:00:30]} 3. d5 {[%emt 0:01:00]} e6 {[%emt 0:01:30]} 4. Nc3 {[%emt 0:00:30]} exd5 {[%emt 0:00:00]} 5. cxd5 {[%emt 0:00:30]} d6 {[%emt 0:00:00]} 6. Nf3 {[%emt 0:00:30]} g6 {[%emt 0:00:30]} 7. Bf4 {[%emt 0:01:30]} a6 {[%emt 0:00:30]} 8. a4 {[%emt 0:05:30]} Bg7 {[%emt 0:00:00]} 9. h3 {[%emt 0:00:30] A61: Modern Benoni: Nf3 without early e4} (9. e3 O-O 10. h3 Qe7 11. Bd3 Nbd7 12. O-O Ne8 13. e4 Rb8 14. Re1 Nc7 15. Qd2 Ne5 16. Nxe5 Bxe5 17. Bxe5 Qxe5 18. a5 {1-0 (42) Akobian,V (2647)-Ponkratov,P (2613) Riadh 2017}) 9... O-O {[%emt 0:00:00]} 10. Nd2 {[%emt 0:01:30]} Nh5 {[%emt 0:17:30]} 11. Bh2 {[%emt 0:10:30]} f5 {[%emt 0:00:30]} 12. g3 {[%emt 0:04:30]} Nd7 {[%emt 0:08:30]} 13. g4 $146 {[%emt 0:12:30]} ({Predecessor:} 13. e3 Ne5 14. Be2 Qe7 15. Kf1 Nf6 {½-½ (30) Sherwin,J (2184)-Turner,J (1951) Newport 2008}) 13... fxg4 {[%emt 0:00:30]} 14. hxg4 {[%emt 0:06:30]} Qh4 {[%emt 0:17:30]} 15. Nf3 {[%emt 0:01:30]} Qxg4 {[%emt 0:00:30]} 16. Bxd6 {[%emt 0:02:30]} Re8 {[%emt 0:01:30]} 17. e3 {[%emt 0:03:30]} Qb4 {[%emt 0:01:30]} 18. Qc2 {[%emt 0:04:30]} Ndf6 {[%emt 0:01:30]} 19. Rh4 {[%emt 0:17:30]} Qb6 {[%emt 0:03:30]} 20. Bh2 {[%emt 0:01:30]} Bf5 {[%emt 0:02:30]} 21. a5 {[%emt 0:02:30]} Qd8 {[%emt 0:10:30]} 22. Bd3 {[%emt 0:03:51]} Bxd3 {[%emt 0:00:30]} 23. Qxd3 {[%emt 0:00:06]} Nd7 {[%emt 0:00:00]} 24. d6 {[%emt 0:06:20]} Qf6 {[%emt 0:01:30]} 25. Qd5+ {[%emt 0:01:20]} Kh8 $1 {[%emt 0:01:30]} 26. Ke2 {[%emt 0:06:40]} Rf8 {[%emt 0:00:00]} 27. Rh1 {[%emt 0:01:41]} Rae8 {[%emt 1:26:51]} 28. Rh3 {[%emt 1:43:51]} b5 {[%emt 0:00:30]} 29. axb6 {[%emt 0:00:30]} Nxb6 {[%emt 0:00:30]} 30. Qxc5 {[%emt 0:00:30]} Nd7 {[%emt 0:00:30]} 31. Qc6 {[%emt 0:00:30]} Qf5 {[%emt 0:00:30]} 32. Rh4 {[%emt 0:00:30]} Rb8 {[%emt 0:00:30]} 33. Nd1 {[%emt 0:00:30]} Rbc8 {[%emt 0:00:30]} 34. Qe4 {[%emt 0:00:30]} Qb5+ {[%emt 0:00:30]} 35. Ke1 $2 {[%emt 0:00:30]} (35. Qd3 Qxd3+ 36. Kxd3 Rxf3 37. b3) 35... Nc5 {[%emt 0:00:30]} 36. Nd4 {[%emt 0:00:30]} Qb4+ {[%emt 0:00:30]} 37. Kf1 $19 {[%emt 0:00:30]} Nxe4 {[%emt 0:00:30]} 38. Rxe4 {[%emt 0:00:30]} Qb7 {[%emt 0:00:30]} 0-1

[Event "Istanbul Open 2018"]
[Site "Istanbul"]
[Date "2018.09.07"]
[Round "8"]
[White "Nuri, Murad"]
[Black "Tirak, Mert"]
[Result "1/2-1/2"]
[WhiteElo "2284"]
[BlackElo "1941"]
[Annotator "TA"]
[PlyCount "116"]
[EventDate "2018.09.02"]
[EventType "swiss"]
[EventCountry "TUR"]
[SourceTitle "playchess.com"]
[Source "ChessBase"]
[SourceQuality "1"]

{[%evp 11,116,50,41,-1,5,0,0,-20,0,-9,0,0,0,0,0,0,0,-4,10,-12,-11,-8,0,0,0,0,0,0,0,0,0,0,0,0,0,0,0,0,0,0,0,0,0,2,56,56,70,67,68,44,41,45,119,113,113,107,118,138,123,15,75,23,118,96,104,58,1320,1308,5289,4763,12816,6203,5497,2447,12829,12449,12836,12836,12837,12837,12837,12838,12838,0,0,0,0,0,0,0,0,0,0,0,0,0,0,0,0,0,0,0,0,0,0,0,0]} 1. d4 {Metz Alekhine/Primel,D} Nf6 2. c4 e6 3. g3 d5 4. Nf3 c5 5. Bg2 b6 6. O-O Bb7 {LiveBook: 5 Games} 7. Qa4+ $146 {E16: Queen's Indian: 4 g3 Bb7 5 Bg2 Bb4+} ({Predecessor:} 7. Bg5 Be7 8. Nc3 Nbd7 9. Qa4 O-O 10. Rfd1 Qe8 11. Rac1 h6 12. Be3 dxc4 13. dxc5 Nxc5 14. Qxe8 Rfxe8 {½-½ (63) Bauer,C (2637)-Donchenko,A (2428) Metz 2013 EXT 2016 [Metz Alekhine/Primel,D]}) 7... Qd7 8. Qc2 cxd4 9. Ne5 Qc7 10. Qa4+ Nbd7 (10... Bc6 {looks sharper.} 11. Nxc6 Qxc6 12. Qxc6+ Nxc6 13. Bg5 Ne4) 11. cxd5 Bxd5 12. Bxd5 Nxd5 13. Nxd7 $1 Qxd7 14. Qxd4 Nf6 15. Qc4 Rc8 16. Qa6 Bc5 17. Nc3 O-O 18. Bg5 Ng4 19. Rad1 Qc6 20. Qa4 Qxa4 21. Nxa4 h6 22. Bf4 e5 23. Bd2 Be7 24. Nc3 Rfd8 25. h3 Nf6 26. Be3 Rxd1 27. Rxd1 Bc5 (27... Bb4 $11) 28. Bxc5 $14 Rxc5 {[%mdl 4096] Endgame KRN-KRN} 29. Rd8+ Kh7 30. Kf1 Rc7 31. Ke1 Rd7 (31... Kg6 $14) 32. Rxd7 $16 Nxd7 {KN-KN} 33. Kd2 f5 34. Nb5 a5 35. Nc7 ({White should try} 35. Kc3 $16) 35... g5 (35... Nf6 $11 {remains equal.}) 36. g4 (36. Nd5 $16) 36... Kg6 (36... fxg4 $11 37. hxg4 Nf6) 37. Nd5 fxg4 38. hxg4 Nf6 $2 {[%mdl 8192]} (38... b5 $14) 39. Nxf6 $18 Kxf6 {KP-KP} 40. Kd3 b5 41. Ke4 Ke6 42. b3 {[%cal Bb2b3,Bb3b4][%mdl 32]} a4 43. e3 {[%cal Be2e3,Be3e4][%mdl 32]} a3 44. b4 $1 Kd6 {[#]} 45. Kd3 $1 Kd5 {[#]} 46. e4+ $1 Ke6 47. f3 $2 (47. Kc2 $18 Kf7 48. Kb3) 47... Kf6 $11 {The position is equal.} 48. Kc3 {Hoping for Kb3.} Kg6 $1 49. Kb3 h5 $1 {[%cal Rh5h4]} 50. gxh5+ Kxh5 51. Kxa3 g4 52. fxg4+ Kxg4 {K3P-KPP} 53. Kb3 {White threatens a4 and mate.} Kf4 54. a4 bxa4+ 55. Kc4 {Strongly threatening b5.} a3 (55... Kxe4 $5 56. b5 $8 a3 $11) 56. Kb3 Kxe4 57. b5 {Threatening mate with b6.} Kd5 {( -> ...e4)} 58. Kxa3 Kc5 {Precision: White = 73%, Black = 40%.} 1/2-1/2

[Event "Istanbul Open 2018"]
[Site "Istanbul"]
[Date "2018.09.07"]
[Round "8"]
[White "Gulsoy, Mustafa Alpago"]
[Black "Ozsakallioglu, Akin"]
[Result "1-0"]
[WhiteElo "2061"]
[BlackElo "1861"]
[Annotator "NA"]
[PlyCount "65"]
[EventDate "2018.09.02"]
[EventType "swiss"]
[EventCountry "TUR"]
[SourceTitle "playchess.com"]
[Source "ChessBase"]
[SourceQuality "1"]
[TimeControl "5400+30"]

1. e4 {[%emt 0:00:30]} c5 {[%emt 0:00:30]} 2. c3 {[%emt 0:00:00]} Nf6 {[%emt 0:00:00]} 3. e5 {[%emt 0:00:00]} Nd5 {[%emt 0:00:00]} 4. d4 {[%emt 0:00:00]} cxd4 {[%emt 0:00:00]} 5. Nf3 {[%emt 0:00:00]} Nc6 {[%emt 0:00:00]} 6. cxd4 {[%emt 0:00:30]} d6 {[%emt 0:00:00]} 7. Be2 {[%emt 0:02:30]} dxe5 {[%emt 0:01:00] B22: Sicilian: 2 c3} 8. Nxe5 {[%emt 0:00:30]} (8. dxe5 e6 9. O-O Be7 10. Nbd2 O-O 11. Nc4 Qc7 12. Qc2 Bd7 13. Qe4 b5 14. Ne3 Ncb4 15. a3 Nxe3 16. Bxe3 {½-½ (65) Savic,M (2539)-Kovacevic,A (2571) Vrnjacka Banja 2013}) 8... e6 {[%emt 0:00:30]} 9. O-O {[%emt 0:02:30]} Nxe5 {[%emt 0:01:30]} 10. dxe5 {[%emt 0:00:00]} Bd7 {[%emt 0:00:30]} 11. Qb3 {[%emt 0:13:00]} Qb6 $146 ({Predecessor:} 11... Bc6 12. Qg3 g6 13. Nd2 Ne7 14. Qf4 Nf5 15. Ne4 Bg7 16. Rd1 Qc7 17. Nd6+ {½-½ (17) Fleuch,H (2078)-Andersson,K (2058) Rogaska Slatina 2012}) 12. Qg3 h5 13. h4 g6 14. Na3 Bxa3 15. bxa3 Qd4 16. Be3 Qb2 17. Bf3 Nxe3 18. fxe3 Bc6 19. Bxc6+ bxc6 20. Rab1 Qc2 21. Rb7 O-O 22. Rf4 Rab8 {[%emt 1:17:00]} 23. Rxa7 {[%emt 1:20:30]} Ra8 {[%emt 0:00:30]} 24. Rb7 {[%emt 0:00:30]} Rxa3 {[%emt 0:00:30]} 25. Qg5 {[%emt 0:00:30]} Rxa2 {[%emt 0:00:30]} 26. Kh2 {[%emt 0:00:30]} Rb2 {[%emt 0:08:18]} 27. Rc7 {[%emt 0:01:30]} Ra2 {[%emt 0:01:51]} 28. Re7 $11 {[%emt 0:00:42]} Rb2 {[%emt 1:37:12]} 29. Rc7 {[%emt 1:41:09]} Ra2 {[%emt 0:00:30]} 30. Re7 {[%emt 0:00:30]} Rb2 {[%emt 0:00:30]} 31. Rd7 {[%emt 0:00:30]} Ra2 {[%emt 0:00:30]} 32. Rf6 {[%emt 0:00:30]} Ra4 {[%emt 0:00:30]} 33. Rdxf7 {[%emt 0:00:30]} 1-0

[Event "Istanbul Open 2018"]
[Site "Istanbul"]
[Date "2018.09.07"]
[Round "8"]
[White "Eryigit, Yakup"]
[Black "Darban, Morteza"]
[Result "0-1"]
[WhiteElo "2030"]
[BlackElo "2333"]
[Annotator "TA"]
[PlyCount "98"]
[EventDate "2018.09.02"]
[EventType "swiss"]
[EventCountry "TUR"]
[SourceTitle "playchess.com"]
[Source "ChessBase"]
[SourceQuality "1"]

{[%evp 17,98,34,36,31,53,0,20,-16,-6,-71,-77,-64,-72,-81,-76,-78,-79,-135,-130,-129,-120,-129,-122,-133,-122,-184,-163,-215,-195,-179,-165,-214,-196,-203,-201,-313,-304,-268,-269,-337,-338,-497,-509,-510,-508,-480,-377,-501,-495,-512,-499,-626,-634,-581,-640,-638,-581,-600,-601,-628,-625,-591,-508,-506,-436,-502,0,0,29,-12832,-1876,-12834,-12835,-12832,-12829,-12825,-12694,-6831,-6448,-5609,-2604,-1886,-1827]} 1. Nf3 g6 2. e4 d6 3. d4 Bg7 4. Bc4 Nc6 5. O-O Nf6 6. Qe2 {B06: Modern Defence} Bg4 7. Rd1 (7. c3 O-O 8. h3 Bxf3 9. Qxf3 e5 10. Rd1 Qe8 11. d5 Ne7 12. Qe2 Nh5 13. Bb5 Qc8 {1-0 (39) Carlsen,M (2822)-Balogun,O (2255) Tbilisi 2017}) 7... e5 8. c3 Qe7 9. d5 Nd8 {LiveBook: 3 Games} 10. h3 $146 ({Predecessor:} 10. Bd3) 10... Bd7 11. Bb5 c6 {[%cal Bc7c6,Bc6d5][%mdl 32]} 12. Ba4 O-O 13. c4 (13. Bg5 $11 {keeps the balance.}) 13... cxd5 $17 14. Bxd7 {[#] Black must now prevent Ba4.} dxe4 15. Ng5 {Threatens to win with Ba4.} Qxd7 16. Nc3 Nc6 17. Be3 (17. Ngxe4 $142 Nxe4 18. Qxe4) 17... Ne8 18. Ngxe4 f5 19. Nc5 Qf7 {And now ...Nd4 would win.} 20. Nb3 e4 21. Nb5 (21. Bd4 $17 {keeps fighting.}) 21... Ne5 $19 22. c5 (22. Bxa7 {was necessary.} Qxc4 23. Qxc4+ Nxc4 24. Bd4) 22... d5 23. Bf4 a6 ({Don't do} 23... Nd3 24. Bd6 $17) 24. Nc3 Nc7 25. Rac1 Rad8 26. Nd4 (26. Qf1 {is a better defense.}) 26... Ne6 27. Nxe6 Qxe6 28. Bg5 Rd7 29. Na4 (29. Bf4 $142) 29... f4 30. c6 bxc6 {[%cal Bb7c6,Bc6b5][%mdl 32]} 31. Nc5 Qf5 32. Nxd7 Qxd7 33. Qxa6 h6 {[%cal Bh7h6,Bh6g5][%mdl 32]} 34. b4 hxg5 35. b5 cxb5 36. Qb6 Nc4 37. Qxg6 Qf5 38. Qc6 d4 39. a4 e3 {[%cal Be4e3,Be3f2][%mdl 32]} 40. axb5 Nb2 41. Rc5 Nxd1 $2 (41... Qf6 $19 42. Ra1 Qxc6 43. Rxc6 e2) 42. Rxf5 $11 Rxf5 43. b6 $2 {[%mdl 8192]} (43. Qe6+ $11 Kh8 44. Qe8+ (44. Qxf5 $2 {loses.} exf2+ 45. Kf1 Ne3+ 46. Kxf2 Nxf5 $19) 44... Kh7 45. Qh5+ Kg8 46. Qxd1 Rxb5 47. Qc2) 43... exf2+ $19 {Black is clearly winning.} 44. Kf1 {[#]} Re5 $1 {[%csl Gf2][%cal Re5e1]} 45. Qc8+ Kh7 {[%csl Gf2][%cal Re5e1]} 46. Qc2+ Kh6 {[%csl Gf2][%cal Re5e1]} 47. Qc6+ Kh5 {[%csl Gf2][%cal Re5e1]} 48. Qf3+ Kg6 {[%csl Gf2][%cal Re5e1]} 49. Qd3+ Kh6 {Precision: White = 40%, Black = 89%.} 0-1

[Event "Istanbul Open 2018"]
[Site "Istanbul"]
[Date "2018.09.07"]
[Round "8"]
[White "Ozkan, Taha"]
[Black "Mohannad, Farhan"]
[Result "0-1"]
[WhiteElo "1997"]
[BlackElo "2201"]
[Annotator "TA"]
[PlyCount "102"]
[EventDate "2018.09.02"]
[EventType "swiss"]
[EventCountry "TUR"]
[SourceTitle "playchess.com"]
[Source "ChessBase"]
[SourceQuality "1"]

{[%evp 14,102,77,86,87,54,62,34,101,77,108,79,133,83,128,63,66,42,41,31,73,64,83,63,104,87,87,87,86,87,155,152,171,164,162,109,127,116,155,102,105,94,101,87,101,103,101,99,97,77,87,72,69,65,73,66,135,141,129,129,129,129,214,191,189,194,190,170,318,287,440,423,566,402,357,76,76,0,0,-318,-307,-361,-361,-408,-402,-616,-622,-691,-691,-6816,-6279]} 1. d4 c5 2. d5 e5 3. e4 d6 4. Nc3 Be7 5. Nf3 a6 6. a4 Bg4 7. h3 Bxf3 {A44: Semi-Benoni} 8. Qxf3 {LiveBook: 17 Games} Nd7 9. Be2 Bg5 {White is slightly better.} 10. Qg3 $146 ({Predecessor:} 10. O-O Bxc1 11. Rfxc1 Ne7 12. Qg3 O-O 13. Bg4 Nf6 14. a5 Ng6 15. Ra3 {0-1 (40) Sitnik,I (2332)-Scerbin,D (2408) Pardubice 1999}) 10... Bf6 (10... Bxc1 $14 11. Rxc1 Ngf6) 11. Bg4 Ne7 12. O-O O-O (12... h5 $142) 13. Nd1 Ng6 14. Ne3 (14. Qb3 $16) 14... Bh4 $14 15. Qh2 Bg5 16. g3 Nf6 17. Bf3 Bxe3 18. Bxe3 Qb6 19. Rfb1 Qb4 20. c3 Qc4 21. Qg2 b5 (21... Nd7 $142) 22. Qf1 $1 $16 Qxf1+ 23. Kxf1 Rfc8 24. Bg2 (24. b4 $18) 24... Nd7 25. Ke1 b4 {[#]} 26. Bf1 (26. cxb4 $142 $1 cxb4 27. Rc1) 26... Rcb8 27. cxb4 Rxb4 {[#]} 28. f3 $1 Ne7 29. Bd2 Rb3 30. Ra3 Rbb8 31. Ba5 Rb7 32. b4 f5 33. Rab3 fxe4 34. fxe4 Nc8 ({Better is} 34... Kf7 $14) 35. Kd2 cxb4 36. Bxb4 a5 37. Ba3 Rc7 (37... Rxb3 $16 {keeps fighting.} 38. Rxb3 Kf7) 38. Rb7 Ra7 39. Rxa7 Rxa7 40. Rc1 Ndb6 (40... Nc5 $142) 41. Bb5 $18 Rf7 (41... Kf8 {is a better defense.} 42. Rc6 Ke7) 42. Ke2 Rb7 43. Rc6 Na7 44. Ba6 $2 (44. Rxd6 Nxb5 45. Rd8+ Kf7 $18) (44. Bxd6 $18 {and White stays clearly on top.} Nbc8 45. Bc4 Nxd6 46. Rxd6) 44... Nxc6 $16 45. dxc6 {[%mdl 4096] Endgame KRN-KB} ({White should play} 45. Bxb7 $16 Nd4+ 46. Kd3 Nxa4 47. Ba6 (47. Bxd6 $2 Nb2+ 48. Kc3 Nb5+ 49. Kxb2 Nxd6 $19)) 45... Rc7 $11 46. Bb5 $2 {[%mdl 8192]} (46. Bb7 $1 $11 {and White stays safe.} Nc4 47. Bc1) 46... Nc8 $19 47. Bc1 Na7 48. Ba3 Nxc6 49. Bxd6 (49. Bc4+ $142 Kh8 50. Kd2) 49... Nd4+ {Black is clearly winning.} 50. Kd3 Nxb5 51. axb5 Rd7 {Precision: White = 45%, Black = 50%.} 0-1

[Event "Istanbul Open 2018"]
[Site "Istanbul"]
[Date "2018.09.07"]
[Round "8"]
[White "Akin, Yagiz Cinar"]
[Black "Aydin, Kaan Ayhan"]
[Result "*"]
[WhiteElo "1963"]
[BlackElo "1877"]
[Annotator "NA"]
[PlyCount "62"]
[EventDate "2018.09.02"]
[EventType "swiss"]
[EventCountry "TUR"]
[SourceTitle "playchess.com"]
[Source "ChessBase"]
[SourceQuality "1"]
[TimeControl "5400+30"]

1. e4 {[%emt 0:00:30]} e5 {[%emt 0:00:30]} 2. Nf3 {[%emt 0:00:00]} Nc6 {[%emt 0:00:00]} 3. Bc4 {[%emt 0:00:00]} Bc5 {[%emt 0:00:00]} 4. O-O {[%emt 0:00:00]} Nf6 {[%emt 0:01:30]} 5. d3 {[%emt 0:00:00]} d6 {[%emt 0:00:30]} 6. h3 {[%emt 0:00:30]} Be6 {[%emt 0:00:30]} 7. Bxe6 {[%emt 0:03:30]} fxe6 {[%emt 0:00:30]} 8. c3 {[%emt 0:00:00]} Bb6 {[%emt 0:00:30]} 9. b4 {[%emt 0:01:00]} O-O {[%emt 0:00:00]} 10. a4 {[%emt 0:00:30]} a5 {[%emt 0:02:00]} 11. b5 {[%emt 0:02:30]} Ne7 {[%emt 0:01:30]} 12. Qb3 {[%emt 0:01:30]} Qd7 {[%emt 0:00:30]} 13. Nbd2 {[%emt 0:00:30]} Nh5 {[%emt 0:01:30]} 14. Nc4 {[%emt 0:13:30]} Ng6 {[%emt 0:00:30]} 15. Nxb6 {[%emt 0:06:30]} cxb6 {[%emt 0:00:30]} 16. Qd1 {[%emt 0:03:30]} Ngf4 {[%emt 0:02:30]} 17. g3 {[%emt 0:03:30]} Ng6 {[%emt 0:05:30]} 18. Ba3 {[%emt 0:04:30]} Rac8 {[%emt 0:05:30]} 19. Rc1 {[%emt 0:03:30]} h6 {[%emt 0:03:30]} 20. Nd2 {[%emt 0:04:30]} Nhf4 {[%emt 0:00:30]} 21. gxf4 {[%emt 0:07:30]} Rxf4 {[%emt 0:00:00]} 22. f3 {[%emt 0:06:30]} Rh4 {[%emt 0:02:00]} 23. Nc4 {[%emt 0:06:30]} Nf4 {[%emt 0:00:30]} 24. Kf2 {[%emt 0:01:30]} Rxh3 {[%emt 0:06:30]} 25. Rh1 {[%emt 0:01:30]} Rxh1 {[%emt 0:00:30]} 26. Qxh1 {[%emt 0:01:30]} Nxd3+ {[%emt 0:00:00]} 27. Ke3 {[%emt 0:01:30]} Nxc1 {[%emt 0:00:00]} 28. Nxb6 {[%emt 0:03:30]} Rxc3+ {[%emt 0:00:30]} 29. Kd2 {[%emt 0:00:30]} Rd3+ {[%emt 0:01:30]} 30. Kxc1 {[%emt 0:00:30]} Qc7+ {[%emt 0:00:00]} 31. Kb1 {[%emt 0:00:30]} Qxb6 {[%emt 0:00:00]} *

[Event "Istanbul Open 2018"]
[Site "Istanbul"]
[Date "2018.09.07"]
[Round "8"]
[White "Aydin, Hasan Bora"]
[Black "Kuseyri, Mehmet Ali"]
[Result "0-1"]
[WhiteElo "1950"]
[BlackElo "1962"]
[Annotator "NA"]
[PlyCount "72"]
[EventDate "2018.09.02"]
[EventType "swiss"]
[EventCountry "TUR"]
[SourceTitle "playchess.com"]
[Source "ChessBase"]
[SourceQuality "1"]
[TimeControl "5400+30"]

1. e4 c5 2. Nf3 d6 3. d4 cxd4 4. Nxd4 Nf6 5. Nc3 a6 6. Bg5 Nbd7 7. f4 Qc7 8. Qe2 {B94: Sizilianisch (Najdorf-Variante mit 6.Lg5)} g6 9. O-O-O Bg7 10. Bxf6 Nxf6 11. e5 dxe5 12. fxe5 Ng4 $146 ({Vorgänger:} 12... Bg4 13. Nf3 Nd7 {0-1 (36) Sommerbauer,N (2427)-Czebe,A (2494) Oberwart 2005}) 13. e6 Qf4+ 14. Kb1 Bxd4 15. Nd5 Qe5 16. Qxg4 {[%emt 1:19:16]} Qxd5 {[%emt 0:57:00]} 17. exf7+ {[%emt 0:00:30]} Kxf7 {[%emt 0:00:30]} 18. Qf4+ {[%emt 0:00:30]} Kg7 {[%emt 0:00:30]} 19. Rxd4 {[%emt 0:00:30]} e5 {[%emt 0:00:30]} 20. Rxd5 {[%emt 0:00:30]} exf4 {[%emt 0:00:30]} 21. Bd3 {[%emt 0:00:30]} Rf8 {[%emt 0:00:30]} 22. Re1 {[%emt 0:00:30]} Bg4 {[%emt 0:01:30]} 23. Re7+ {[%emt 0:06:12]} Rf7 {[%emt 0:00:30]} 24. Rxf7+ {[%emt 0:00:24]} Kxf7 {[%emt 0:00:00]} 25. Rd4 {[%emt 0:01:36]} g5 {[%emt 0:02:00]} 26. h3 {[%emt 0:00:43]} Re8 {[%emt 0:00:30]} 27. Re4 {[%emt 0:02:48]} Be6 {[%emt 0:08:30]} 28. Be2 {[%emt 0:02:51]} Bxa2+ {[%emt 0:00:00]} 29. Kxa2 {[%emt 0:00:54]} Rxe4 {[%emt 0:00:00]} 30. Bf3 {[%emt 0:00:12]} Re7 {[%emt 0:00:30]} 31. c4 $19 {[%emt 0:00:36]} (31. Kb3 $142) 31... b6 {[%emt 0:05:30]} 32. b4 {[%emt 0:00:34]} Re3 {[%emt 0:00:00]} 33. Bb7 {[%emt 0:00:56]} a5 {[%emt 0:14:51]} 34. c5 {[%emt 0:01:53]} axb4 {[%emt 0:00:00]} 35. cxb6 {[%emt 0:00:12]} Ke7 {[%emt 0:00:00]} 36. Be4 {[%emt 0:02:49]} Kd6 {[%emt 0:00:00]} 0-1